Statistics for Pokémon with 4x weakness to Fire

Click here to take the quiz!

General Stats

  • This quiz has been taken 113 times
    (82 since last reset)
  • The average score is 16 of 23

Answer Stats

GenAnswer% Correct
IVAbomasnow
91%
VIAbomasnow (Mega)
91%
IVSnover
86%
VSwadloon
82%
VSewaddle
80%
IParasect
80%
IParas
80%
VFerrothorn
80%
VLeavanny
77%
VFerroseed
77%
IIScizor
75%
VIScizor (Mega)
75%
VIIIFrosmoth
68%
IIForretress
64%
VIIISnom
64%
IVWormadam (Plant Cloak)
64%
IVWormadam (Trash Cloak)
64%
VEscavalier
61%
VIISandslash (Alolan)
55%
VDurant
55%
VGenesect
48%
VIIKartana
48%
VIISandshrew (Alolan)
48%

Score Distribution

Percentile by Number Answered

Percent of People with Each Score

Your Score History

You have not taken this quiz since the last reset